000 00290nam a2200121Ia 4500
008 240624s9999 xx 000 0 und d
041 _aeng
082 _a658.812 PEP
100 _aPEPPERS DON
245 _aRETURN ON CUSTOMER
260 _c2005
_aNew Delhi
_bCrown Business
365 _cRS
_b30
999 _c27814
_d27814